Transportation engineering (Record no. 527253)

000 -LEADER
fixed length control field 00509nam a22001697a 4500
020 ## - INTERNATIONAL STANDARD BOOK NUMBER
International Standard Book Number 9789332569706
082 ## - DEWEY DECIMAL CLASSIFICATION NUMBER
Classification number 629.04
Author Mark KHI
100 ## - MAIN ENTRY--PERSONAL NAME
Personal name Khisty, C. Jotin, Lall, B. Kent
245 ## - TITLE STATEMENT
Title Transportation engineering
Remainder of title an introduction /
250 ## - EDITION STATEMENT
Edition statement 3rd.
260 ## - PUBLICATION, DISTRIBUTION, ETC.
Place of publication, distribution, etc. New Delhi:
Name of publisher, distributor, etc. Pearson;
Date of publication, distribution, etc. 2017.
300 ## - PHYSICAL DESCRIPTION
Extent 813p.
942 ## - ADDED ENTRY ELEMENTS (KOHA)
Source of classification or shelving scheme
Koha item type Book
504 ## - BIBLIOGRAPHY, ETC. NOTE
Bibliography, etc. note Includes bibliographical references and index.
650 ## - SUBJECT ADDED ENTRY--TOPICAL TERM
Topical term or geographic name entry element Transportation engineering.
650 ## - SUBJECT ADDED ENTRY--TOPICAL TERM
-- 854
Holdings
Withdrawn status Lost status Source of classification or shelving scheme Damaged status Not for loan Permanent Location Current Location Shelving location Date acquired Source of acquisition Cost, normal purchase price Total Checkouts Full call number Barcode Date last seen Date last checked out Copy number Price effective from Koha item type
          NUST Baluchistan Campus (NBC) NUST Baluchistan Campus (NBC) Book Cart 07/23/2019 Purchased 0.00 28 629.04 KHI Q-231 08/22/2022 06/02/2022 1 07/23/2019 Book
          NUST Baluchistan Campus (NBC) NUST Baluchistan Campus (NBC) Book Cart 07/23/2019 Purchased 0.00   629.04 KHI Q-232 07/23/2019   2 07/23/2019 Book
© 2023 Central Library, National University of Sciences and Technology. All Rights Reserved.